| 000 | 00510nam a22001937a 4500 | ||
|---|---|---|---|
| 003 | MPLRDC | ||
| 005 | 20220104114641.0 | ||
| 008 | 210129b ||||| |||| 00| 0 eng d | ||
| 020 | _a7-5321-0584-9 | ||
| 082 | _a820.7 DYP | ||
| 100 | _a丁亚平 | ||
| 245 |
_a一个批评家的心路历程 _c |
||
| 250 | _a一版一刷 | ||
| 260 |
_a _b上海文艺出版社 _c1990 |
||
| 300 | _b平 | ||
| 490 | _a中国现代文学研究丛书 | ||
| 650 | _a中国文学总论--杂文, 演讲 | ||
| 942 |
_cBK _o820.7 DYP |
||
| 999 |
_c9148 _d9138 |
||